| 000 | 00584nam a2200193 a 4500 | ||
|---|---|---|---|
| 005 | 20210219151718.0 | ||
| 008 | 991125s1996 mx 000 0 spa u | ||
| 020 | _a9684963068 | ||
| 035 | _aUPN01000039655 | ||
| 049 | _aSEP | ||
| 050 | 4 |
_aHD9506 A4 _bS5.5 |
|
| 100 | 1 | _aSigüenza Orozco, Salvador | |
| 245 | 1 | 0 |
_aMinería y comunidad indígena : _bel mineral de Natividad, Ixtlán, Oaxaca (1900-1940) / _cSalvador Sigüenza Orozco |
| 260 |
_aMéxico : _bCIESAS, _c1996 |
||
| 300 |
_a157 p. : _bil. |
||
| 650 | 4 |
_aINDUSTRIA MINERA- _zOAXACA |
|
| 904 |
_aAC _b039657 |
||
| 905 | _aLibro | ||
| 999 |
_c39655 _d39655 |
||